00566nam a2200193 i 4500001001100000003000500011005001700016008004200033040002500075082001600100100003000116245006700146264004300213300002600256336002100282337002500303338002300328650002100351C2-0112949PPAK20180727104111.0970706s1959 ph |||| ||||| | -tag d aPPAKbengcPPAKerda04a499.2112231 aFrei, Ernest J., eauthor14aThe historical development of the Philippine National Language 1aManila : bBureau of Printing , c1959 av, 92 pages ; c23 cm 2rdacontentatext 2rdamediaaunmediated 2rdacarrieravolume10aTagalog Language